00436nam a2200133Ia 4500100002800000942000700028654003200035245004700067260004100114300000800155546001200163999001700175952011000192 aPappas/C.H/ Murray/W.H  cRB aprogramming for windows NT. aApplications programming for Windows N.T. bOsborne Mc graw HillaBarkeleyc1993 a680 aENGLISH c35100d35100 001040708CRCaCRCEbCRCEc1557 | 6d2023-03-17g863.00l0o p5725r2023-03-17v863.00w2023-03-17yRB